रोमानिया में मेरी दुनिया / (Record no. 27324)

MARC details
000 -LEADER
fixed length control field 01269nam a22002777a 4500
005 - DATE AND TIME OF LATEST TRANSACTION
control field 20090609112119.0
008 - FIXED-LENGTH DATA ELEMENTS--GENERAL INFORMATION
fixed length control field 090609t xxu||||| |||| 00| 0 hin d
010 ## - LCCN (DPL NO)
LC control number HIN-86865
020 ## - INTERNATIONAL STANDARD BOOK NUMBER
International Standard Book Number 9788189537253
Terms of availability 395.00
035 ## - SYSTEM CONTROL NUMBER
System control number HN-59211
037 ## - SOURCE OF ACQUISITION
Source of stock number/acquisition DBAD / PUB
040 ## - CATALOGING SOURCE
Original cataloging agency dpl
Language of cataloging hn
082 ## - DEWEY DECIMAL CLASSIFICATION NUMBER
Classification number 949.8
100 ## - MAIN ENTRY--PERSONAL NAME
Personal name साहा, रणजीत
245 ## - TITLE STATEMENT
Title रोमानिया में मेरी दुनिया /
Statement of responsibility, etc रणजीत साहा
246 ## - VARYING FORM OF TITLE
Title proper/short title Romaniya men merii duniyaa
Remainder of title by Ranjeet Saha
260 ## - PUBLICATION, DISTRIBUTION, ETC. (IMPRINT)
Place of publication, distribution, etc दिल्ली
Name of publisher, distributor, etc यश पब्लिकेशन्स
Date of publication, distribution, etc 2008
270 ## - ADDRESS
Address X/909, चाँद मौहल्ला, गांधी नगर,
City दिल्ली
Postal code 110031
Telephone number 09873743201
Electronic mail address yasg_publication@hormail.com
300 ## - PHYSICAL DESCRIPTION
Extent 199पृ
Dimensions 23सेमी (सजिल्द)
Other physical details सचित्र
650 ## - SUBJECT ADDED ENTRY--TOPICAL TERM
Topical term or geographic name as entry element स्मृति
650 ## - SUBJECT ADDED ENTRY--TOPICAL TERM
Topical term or geographic name as entry element Memory
651 ## - SUBJECT ADDED ENTRY--GEOGRAPHIC NAME
Geographic name रोमानिया
General subdivision इतिहास
651 ## - SUBJECT ADDED ENTRY--GEOGRAPHIC NAME
Geographic name Romania
General subdivision History
942 ## - ADDED ENTRY ELEMENTS (KOHA)
Source of classification or shelving scheme Dewey Decimal Classification
Item type Hindi Books
Call number suffix साहार
Classification part 949.8
Holdings
Withdrawn status Lost status Source of classification or shelving scheme Damaged status Not for loan Home library Current library Date acquired Source of acquisition Cost, normal purchase price Total Checkouts Full call number Barcode Date last seen Copy number Cost, replacement price Koha item type
    Dewey Decimal Classification   Not For Loan D.B.Act.Division D.B.Act.Division 09/06/2009 DBAD / PUB 395.00   949.8 साहार HN-59211 09/06/2009 1 395.00 Hindi Books

© Delhi Public Library
Hit Counter
free hit counter